[Event "IV Open Internacional Ciutat de Palma. "]
[Site "Palma"]
[Date "2009.11.21"]
[Round "1.42"]
[White "Guerra Bastida, Diego"]
[Black "Gomez Andreu, Daniel"]
[Result "1-0"]
[WhiteElo "2429"]
[BlackElo "1874"]
[PlyCount "79"]
[EventDate "2009.11.21"]

1. e4 Nf6 2. e5 Nd5 3. d4 d6 4. Bc4 e6 5. Nf3 Nb6 6. Bd3 dxe5 7. Nxe5 N8d7 8.
Nc3 Nxe5 9. dxe5 Bd7 10. Qg4 Bc6 11. Bg5 Be7 12. h4 h6 13. Be3 Qd7 14. O-O-O
O-O-O 15. Be4 Qe8 16. Rxd8+ Bxd8 17. Bxc6 bxc6 18. Qxg7 Rg8 19. Qxh6 Rxg2 20.
Qf4 Qg8 21. Qf3 Rg1+ 22. Nd1 Rxh1 23. Qxh1 Qh8 24. Qxc6 Qxh4 25. Nc3 Qc4 26.
Qxc4 Nxc4 27. Bf4 Bh4 28. Ne4 Kd7 29. b3 Nb6 30. c4 Kc6 31. Bg5 Bxg5+ 32. Nxg5
Kc5 33. Nxf7 Kd4 34. Kd2 Nd7 35. f4 Ke4 36. Ng5+ Kf5 37. Ke3 Nf8 38. Nf7 Kg6
39. Nd8 Kf5 40. Nc6 1-0

[Event "IV Open Internacional Ciutat de Palma. "]
[Site "Palma"]
[Date "2009.11.21"]
[Round "1.60"]
[White "Rodriguez Lopez, Rafael"]
[Black "Navarrete Abraham, Jorge"]
[Result "1-0"]
[WhiteElo "2323"]
[BlackElo "1671"]
[PlyCount "80"]
[EventDate "2009.11.21"]

1. Nf3 Nf6 2. c4 c5 3. g3 g6 4. Bg2 Bg7 5. d4 O-O 6. O-O cxd4 7. Nxd4 d5 8.
cxd5 Nxd5 9. Nb3 Be6 10. Nc5 Nd7 11. Nxb7 Qc7 12. Bxd5 Bxd5 13. Qxd5 e6 14. Bf4
Qxf4 15. Qxd7 Qb4 16. Nc3 Rab8 17. Nd6 Rbd8 18. Qxa7 Rxd6 19. Rad1 Rxd1 20.
Nxd1 Bxb2 21. Nxb2 Qxb2 22. e3 Rb8 23. Rd1 Qb6 24. Qxb6 Rxb6 25. Ra1 Ra6 26. a4
Kf8 27. a5 Ke7 28. Kg2 h6 29. Kf3 Kd6 30. Ke4 e5 31. g4 f6 32. h4 Ke6 33. h5
gxh5 34. gxh5 f5+ 35. Kd3 Kd5 36. e4+ fxe4+ 37. Ke3 Ke6 38. Kxe4 Kf6 39. Kd5
Kg5 40. Kxe5 Kxh5 1-0

[Event "IV Open Internacional Ciutat de Palma. "]
[Site "Palma"]
[Date "2009.11.21"]
[Round "1.58"]
[White "Heinzel, Olaf"]
[Black "Matas Artigues, Josep"]
[Result "0-1"]
[WhiteElo "2332"]
[BlackElo "1709"]
[PlyCount "74"]
[EventDate "2009.11.21"]

1. d4 Nf6 2. Bf4 d5 3. Nf3 Bf5 4. e3 e6 5. Nbd2 Nbd7 6. c4 c5 7. Be2 h6 8. O-O
cxd4 9. Nxd4 Bh7 10. N2f3 Be7 11. Nb5 O-O 12. Rc1 a6 13. Nc7 Rc8 14. cxd5 e5
15. Nxe5 Nxe5 16. Bxe5 Bd6 17. f4 Rxc7 18. Rxc7 Qxc7 19. Qd4 Re8 20. Bxf6 gxf6
21. Qxf6 Rxe3 22. Bh5 Bc5 23. Kh1 Qe7 24. Qxe7 Rxe7 25. h3 Be4 26. Bf3 Bxf3 27.
Rxf3 Bd6 28. g3 Re2 29. Rb3 Re1+ 30. Kg2 b5 31. Kf3 f5 32. Rc3 Rd1 33. Rc6 Rxd5
34. Rxa6 Kf7 35. Ke2 Ke6 36. Ra8 Kf7 37. Rh8 Bf8 0-1

[Event "IV Open Internacional Ciutat de Palma. "]
[Site "Palma"]
[Date "2009.11.21"]
[Round "1.61"]
[White "Lewandowski, Richard"]
[Black "Ali, Ehsan"]
[Result "0-1"]
[WhiteElo "1662"]
[BlackElo "2312"]
[PlyCount "72"]
[EventDate "2009.11.21"]

1. d4 d5 2. c4 e5 3. e3 exd4 4. exd4 Nf6 5. Nc3 Bb4 6. Bd2 dxc4 7. Bxc4 Qxd4 8.
Be2 Nc6 9. Nf3 Qg4 10. O-O O-O 11. a3 Bd6 12. Rc1 Qh5 13. g3 Ng4 14. h4 f5 15.
Nh2 Nce5 16. Nd5 c6 17. Nf4 Qf7 18. Bc3 Bc7 19. Nf3 Nxf3+ 20. Bxf3 Bxf4 21.
gxf4 Qg6 22. Bg2 Be6 23. Qf3 Bd5 24. Qg3 Rad8 25. Rfe1 Bxg2 26. Qxg2 Rd3 27.
Re7 Rfd8 28. Rxg7+ Qxg7 29. Bxg7 Rd1+ 30. Rxd1 Rxd1+ 31. Qf1 Rxf1+ 32. Kxf1
Kxg7 33. f3 h5 34. fxg4 fxg4 35. Kf2 Kg6 36. Ke3 Kf5 0-1

[Event "IV Open Internacional Ciutat de Palma. "]
[Site "Palma"]
[Date "2009.11.21"]
[Round "1.23"]
[White "Bergas Ferriol, Jeronimo"]
[Black "Bykhovsky, Anatoly"]
[Result "0-1"]
[WhiteElo "2053"]
[BlackElo "2488"]
[PlyCount "70"]
[EventDate "2009.11.21"]

1. c4 e5 2. Nc3 Nf6 3. g3 Bb4 4. Bg2 O-O 5. Nf3 Re8 6. O-O c6 7. Qb3 Bf8 8. e4
Na6 9. d4 d6 10. Rd1 Qc7 11. h3 Be6 12. d5 cxd5 13. cxd5 Bd7 14. Be3 Qc8 15.
Kh2 Nc5 16. Bxc5 Qxc5 17. Kg1 b5 18. Ne1 a5 19. Rdc1 Reb8 20. Ne2 Qa7 21. g4
Be7 22. Qf3 g6 23. Kh2 h5 24. gxh5 Nxh5 25. Nd3 Bg5 26. Rg1 Bh6 27. Bh1 Ng7 28.
Rg3 b4 29. Rag1 Bb5 30. Qg4 Bxd3 31. Rxd3 Qxf2+ 32. Rg2 Qf6 33. Rf3 Qe7 34. h4
Kh7 35. Rgf2 Rf8 0-1

[Event "IV Open Internacional Ciutat de Palma. "]
[Site "Palma"]
[Date "2009.11.21"]
[Round "1.46"]
[White "Zude, Erik"]
[Black "Hermida Izquierdo, Miguel Angel"]
[Result "1-0"]
[WhiteElo "2409"]
[BlackElo "1861"]
[PlyCount "69"]
[EventDate "2009.11.21"]

1. d4 g6 2. e4 Bg7 3. Nf3 d6 4. Bd3 Nc6 5. c3 Nf6 6. O-O e5 7. d5 Ne7 8. c4 Bd7
9. Nc3 O-O 10. Bg5 a6 11. Qd2 Bg4 12. Be2 Nh5 13. Rac1 f6 14. Be3 Bh8 15. Ng5
Bxe2 16. Ne6 Qd7 17. Nxf8 Rxf8 18. Qxe2 b6 19. b4 f5 20. f3 f4 21. Bf2 g5 22.
Qd1 Nf6 23. c5 bxc5 24. Qa4 Qxa4 25. Nxa4 c6 26. bxc5 dxc5 27. Bxc5 Rf7 28.
Bxe7 Rxe7 29. dxc6 Ne8 30. Nb6 Bf6 31. Nd5 Re6 32. c7 Nxc7 33. Rxc7 Bd8 34. Rd7
Ba5 35. Rc1 1-0

[Event "IV Open Internacional Ciutat de Palma. "]
[Site "Palma"]
[Date "2009.11.21"]
[Round "1.47"]
[White "Caliz Morales, Felipe"]
[Black "Zdebskaja, Natalia"]
[Result "1-0"]
[WhiteElo "1849"]
[BlackElo "2408"]
[PlyCount "68"]
[EventDate "2009.11.21"]

1. e4 c5 2. Nf3 d6 3. d4 cxd4 4. Nxd4 Nf6 5. Nc3 a6 6. Be3 e5 7. Nb3 Be6 8. Be2
Be7 9. O-O O-O 10. f3 Nbd7 11. Qe1 Rc8 12. Qf2 b5 13. Bd3 Qc7 14. Rac1 b4 15.
Ne2 d5 16. Ng3 dxe4 17. Nxe4 Nxe4 18. fxe4 a5 19. Ra1 a4 20. Nd2 Nc5 21. Rfc1
f5 22. Qe2 f4 23. Bxc5 Bxc5+ 24. Kh1 Bd4 25. c3 bxc3 26. bxc3 Bxc3 27. Rc2 Bxa1
28. Rxc7 Rxc7 29. h3 Rc1+ 30. Kh2 Bxa2 31. Bc4+ Bxc4 32. Nxc4 Bd4 33. Nd6 Bg1+
34. Kh1 Bf2+ 1-0

[Event "IV Open Internacional Ciutat de Palma. "]
[Site "Palma"]
[Date "2009.11.21"]
[Round "1.49"]
[White "Sorell Nicolau, Pau"]
[Black "Matnadze, Ana"]
[Result "0-1"]
[WhiteElo "1831"]
[BlackElo "2401"]
[PlyCount "68"]
[EventDate "2009.11.21"]

1. e4 c5 2. Bc4 d6 3. Nc3 Nc6 4. a3 g6 5. Nge2 Bg7 6. Ng3 e6 7. d3 Nge7 8. Rb1
O-O 9. O-O a6 10. Bg5 h6 11. Bd2 d5 12. Ba2 b5 13. f4 f5 14. Kh1 Kh7 15. Nce2
Bb7 16. Bc3 d4 17. Bd2 Qd7 18. Ng1 Ng8 19. Qe2 Nf6 20. Rbe1 Rae8 21. h4 Qd8 22.
Nf3 Bh8 23. h5 gxh5 24. Ng5+ hxg5 25. fxg5 Ng4 26. Nxh5 Nce5 27. Rf3 fxe4 28.
dxe4 d3 29. cxd3 Nxf3 30. gxf3 Qxd3 31. fxg4 Qh3+ 32. Kg1 Bd4+ 33. Be3 Bxe3+
34. Qxe3 Rf1+ 0-1

[Event "IV Open Internacional Ciutat de Palma. "]
[Site "Palma"]
[Date "2009.11.21"]
[Round "1.37"]
[White "Abadia Pascual, Luis"]
[Black "Gerzhoy, Leonid"]
[Result "0-1"]
[WhiteElo "1929"]
[BlackElo "2456"]
[PlyCount "66"]
[EventDate "2009.11.21"]

1. e4 c5 2. Nf3 d6 3. d4 cxd4 4. Nxd4 Nf6 5. Nc3 a6 6. Bg5 e6 7. f4 Be7 8. Qf3
Qc7 9. O-O-O Nbd7 10. g4 h6 11. Bxf6 Bxf6 12. h4 g5 13. hxg5 hxg5 14. Rxh8+
Bxh8 15. Qh3 Bxd4 16. Rxd4 gxf4 17. Qh8+ Nf8 18. Be2 Bd7 19. Qf6 Bc6 20. Nd5
Bxd5 21. exd5 e5 22. Rc4 Qe7 23. Qxe7+ Kxe7 24. Rc7+ Kf6 25. Rxb7 e4 26. Kd2
Ng6 27. Rb6 Ke5 28. Bxa6 f3 29. Bc4 Kd4 30. Rb4 e3+ 31. Ke1 Kc5 32. a3 Rh8 33.
Bf1 e2 0-1

[Event "IV Open Internacional Ciutat de Palma. "]
[Site "Palma"]
[Date "2009.11.21"]
[Round "1.64"]
[White "Garcia Del Rey, Senen"]
[Black "Ponce Cano, Adrian"]
[Result "1-0"]
[WhiteElo "2278"]
[BlackElo "1625"]
[PlyCount "65"]
[EventDate "2009.11.21"]

1. e4 c5 2. Nf3 Nc6 3. c3 e6 4. d4 cxd4 5. cxd4 Bb4+ 6. Nc3 Nf6 7. Bd3 O-O 8.
O-O d6 9. Bg5 h6 10. Bh4 Bxc3 11. bxc3 e5 12. h3 Ne7 13. dxe5 dxe5 14. Nxe5 Ng6
15. Nxg6 fxg6 16. e5 g5 17. exf6 gxh4 18. Qb3+ Rf7 19. Bc4 Qxf6 20. Rad1 Bf5
21. Rd4 Re8 22. Bxf7+ Qxf7 23. Qxf7+ Kxf7 24. Rxh4 Re2 25. Ra4 a6 26. Rb4 b5
27. a4 Rc2 28. axb5 Bd3 29. b6 a5 30. b7 axb4 31. Re1 b3 32. b8=Q b2 33. Qe8+
1-0

[Event "IV Open Internacional Ciutat de Palma. "]
[Site "Palma"]
[Date "2009.11.21"]
[Round "1.29"]
[White "Kwossek, Georg"]
[Black "Petkov, Vladimir"]
[Result "0-1"]
[WhiteElo "2018"]
[BlackElo "2477"]
[PlyCount "64"]
[EventDate "2009.11.21"]

1. d4 Nf6 2. c4 c5 3. e3 g6 4. Nc3 Bg7 5. Nf3 O-O 6. Be2 cxd4 7. exd4 d5 8. h3
dxc4 9. Bxc4 Nc6 10. O-O Bf5 11. g4 Bd7 12. d5 Na5 13. Be2 Ne8 14. Nd4 Nd6 15.
Bg5 Rc8 16. Rc1 Nac4 17. b3 h6 18. Be3 Nxe3 19. fxe3 Qb6 20. Qd2 f5 21. gxf5
Nxf5 22. Nxf5 Bxf5 23. Rf4 Be5 24. Na4 Rxc1+ 25. Qxc1 Qf6 26. Rf2 Qh4 27. Bf1
Bg7 28. Qd2 Rc8 29. Bg2 Rc2 30. Qxc2 Bxc2 31. Rxc2 Qe1+ 32. Bf1 Qxe3+ 0-1

[Event "IV Open Internacional Ciutat de Palma. "]
[Site "Palma"]
[Date "2009.11.21"]
[Round "1.33"]
[White "Crespi Lopez, Juan Josep"]
[Black "Pogorelov, Ruslan"]
[Result "0-1"]
[WhiteElo "1981"]
[BlackElo "2469"]
[PlyCount "62"]
[EventDate "2009.11.21"]

1. d4 Nf6 2. c4 e6 3. Nf3 b6 4. g3 Ba6 5. Nbd2 Bb7 6. Bg2 Be7 7. O-O O-O 8. Qc2
d5 9. Rd1 Na6 10. a3 c5 11. dxc5 bxc5 12. Ne5 Qb6 13. Ndf3 Rad8 14. Bg5 h6 15.
Bxf6 Bxf6 16. Ng4 Be7 17. Nfe5 h5 18. cxd5 exd5 19. Ne3 Bf6 20. Nd3 Bg5 21. Nf4
Bxf4 22. gxf4 d4 23. Nc4 d3 24. exd3 Qg6 25. Ne3 Rd4 26. Kh1 Bxg2+ 27. Nxg2
Rfd8 28. Rac1 c4 29. Qa4 Nc5 30. f5 Qxg2+ 31. Kxg2 Nxa4 0-1

[Event "IV Open Internacional Ciutat de Palma. "]
[Site "Palma"]
[Date "2009.11.21"]
[Round "1.59"]
[White "Hernanz Villaoslada, Javier"]
[Black "Zozulia, Anna"]
[Result "0-1"]
[WhiteElo "1705"]
[BlackElo "2324"]
[PlyCount "60"]
[EventDate "2009.11.21"]

1. d4 g6 2. c4 Bg7 3. Nc3 d6 4. g3 e5 5. e3 Nc6 6. d5 Nce7 7. Bg2 f5 8. e4 Nf6
9. Qc2 O-O 10. Nf3 fxe4 11. Nxe4 Nxe4 12. Qxe4 Bf5 13. Qe2 c6 14. Nh4 Bd7 15.
O-O cxd5 16. cxd5 a6 17. Qd1 Rc8 18. Be3 Nf5 19. Nxf5 gxf5 20. Qb3 f4 21. Bb6
Qf6 22. Be4 Bh6 23. a4 Rf7 24. Qd3 Rcf8 25. f3 fxg3 26. hxg3 Qg5 27. Kf2 Bf5
28. Rae1 Qd2+ 29. Qxd2 Bxd2 30. Re2 Bxe4 0-1

[Event "IV Open Internacional Ciutat de Palma. "]
[Site "Palma"]
[Date "2009.11.21"]
[Round "1.22"]
[White "Meijers, Viesturs"]
[Black "Lumsdon, Andrew"]
[Result "0-1"]
[WhiteElo "2488"]
[BlackElo "2057"]
[PlyCount "58"]
[EventDate "2009.11.21"]

1. e4 c6 2. c4 d5 3. exd5 cxd5 4. cxd5 Nf6 5. Bb5+ Bd7 6. Bc4 b5 7. Bb3 a5 8.
a3 Qb6 9. Nf3 g6 10. O-O Na6 11. d4 Bg7 12. Re1 O-O 13. Rxe7 Qd6 14. Re5 Ng4
15. Re4 Rfe8 16. Bf4 Qb6 17. Nc3 b4 18. axb4 axb4 19. Rxe8+ Rxe8 20. Na4 Bxa4
21. Bxa4 Re4 22. Bg3 Bxd4 23. Qc2 Nc5 24. Nxd4 Rxd4 25. Bc6 Ne4 26. Qe2 f5 27.
Bf4 Ngxf2 28. Qb5 Rd1+ 29. Rxd1 Nh3+ 0-1

[Event "IV Open Internacional Ciutat de Palma. "]
[Site "Palma"]
[Date "2009.11.21"]
[Round "1.34"]
[White "Aloma Vidal, Robert"]
[Black "Navarrete Espi, Samuel"]
[Result "1-0"]
[WhiteElo "2458"]
[BlackElo "1969"]
[PlyCount "53"]
[EventDate "2009.11.21"]

1. d4 Nf6 2. c4 g6 3. Nc3 Bg7 4. e4 d6 5. f4 O-O 6. Nf3 c5 7. d5 e6 8. dxe6
Bxe6 9. Bd3 Nc6 10. O-O Bg4 11. h3 Bxf3 12. Qxf3 Nd4 13. Qf2 Re8 14. Kh1 a6 15.
f5 Nd7 16. Bf4 Be5 17. Rad1 Bxf4 18. Qxf4 Ne5 19. f6 Ne6 20. Qh6 Rb8 21. Nd5 b5
22. Rf4 Nd7 23. Rdf1 b4 24. Be2 Kh8 25. Bg4 Rg8 26. Bxe6 fxe6 27. Qxh7+ 1-0

[Event "IV Open Internacional Ciutat de Palma. "]
[Site "Palma"]
[Date "2009.11.21"]
[Round "1.30"]
[White "Koziak, Vitali"]
[Black "Albers, Andreas"]
[Result "1-0"]
[WhiteElo "2475"]
[BlackElo "2007"]
[PlyCount "51"]
[EventDate "2009.11.21"]

1. d4 Nf6 2. c4 g6 3. Nc3 d5 4. Bf4 Bg7 5. e3 c5 6. dxc5 Qa5 7. Qa4+ Qxa4 8.
Nxa4 Na6 9. cxd5 Nxd5 10. Bb5+ Bd7 11. Bxd7+ Kxd7 12. Nf3 Nxf4 13. O-O-O+ Kc6
14. exf4 Rad8 15. Kb1 h6 16. Rhe1 e6 17. Ne5+ Bxe5 18. fxe5 Kb5 19. Nc3+ Kxc5
20. Ne4+ Kc6 21. Nd6 Rd7 22. Re3 Rhd8 23. Rc3+ Kb6 24. Rb3+ Kc6 25. Rc1+ Kd5
26. Rb5+ 1-0

[Event "IV Open Internacional Ciutat de Palma. "]
[Site "Palma"]
[Date "2009.11.21"]
[Round "1.40"]
[White "Colovic, Aleksandar"]
[Black "Oliver Amengual, Adria"]
[Result "1-0"]
[WhiteElo "2443"]
[BlackElo "1896"]
[PlyCount "50"]
[EventDate "2009.11.21"]

1. Nf3 Nf6 2. c4 g6 3. g3 Bg7 4. Bg2 O-O 5. O-O d6 6. Nc3 c5 7. d4 cxd4 8. Nxd4
a6 9. b3 Nc6 10. Bb2 Bd7 11. e3 Bg4 12. Qd2 Qd7 13. Na4 Qc7 14. Rac1 Bd7 15.
Nc3 Ne5 16. f4 Neg4 17. h3 Nh6 18. g4 Bxg4 19. hxg4 Nhxg4 20. Nd5 Qc5 21. b4
Qa7 22. Nxe7+ Kh8 23. Nd5 Rfe8 24. Nc7 Nxe3 25. Rfe1 {ilegible} Nf5 1-0

[Event "IV Open Internacional Ciutat de Palma. "]
[Site "Palma"]
[Date "2009.11.21"]
[Round "1.31"]
[White "Schmidt, Jade"]
[Black "Brynell, Stellan"]
[Result "0-1"]
[WhiteElo "2003"]
[BlackElo "2472"]
[PlyCount "48"]
[EventDate "2009.11.21"]

1. d4 e6 2. c4 Nf6 3. Nc3 Bb4 4. Qc2 O-O 5. a3 Bxc3+ 6. Qxc3 Ne4 7. Qc2 f5 8.
Nf3 b6 9. e3 Bb7 10. Bd3 d6 11. O-O Nd7 12. b4 Rf6 13. Bb2 Rh6 14. Rad1 Ndf6
15. c5 Bd5 16. Bc4 Qe8 17. Bxd5 Nxd5 18. Rfe1 Qh5 19. cxd6 cxd6 20. h3 Rf8 21.
Kf1 g5 22. Rc1 g4 23. Ng1 Qg6 24. Qb1 Nd2+ 0-1

[Event "IV Open Internacional Ciutat de Palma. "]
[Site "Palma"]
[Date "2009.11.21"]
[Round "1.45"]
[White "Escofet Llongueras, Joan"]
[Black "Asis Gargatagli, Hipolit"]
[Result "0-1"]
[WhiteElo "1865"]
[BlackElo "2414"]
[PlyCount "44"]
[EventDate "2009.11.21"]

1. c4 e5 2. Nc3 Nf6 3. g3 c6 4. Bg2 d5 5. cxd5 cxd5 6. d4 exd4 7. Qxd4 Nc6 8.
Qd1 d4 9. Ne4 Be7 10. Nxf6+ Bxf6 11. Nf3 O-O 12. O-O Re8 13. a3 Qb6 14. Ne1 Be6
15. Nd3 Bb3 16. Qd2 Rac8 17. Re1 Na5 18. Qb4 Bc2 19. Qxb6 axb6 20. Bf4 g5 21.
Bd6 Nb3 22. Bxb7 Nxa1 0-1

[Event "IV Open Internacional Ciutat de Palma. "]
[Site "Palma"]
[Date "2009.11.21"]
[Round "1.50"]
[White "Quillan, Gary"]
[Black "Gallardo Pina, Neus"]
[Result "1-0"]
[WhiteElo "2394"]
[BlackElo "1809"]
[PlyCount "43"]
[EventDate "2009.11.21"]

1. e4 c5 2. Nf3 Nc6 3. Bb5 g6 4. Bxc6 bxc6 5. O-O Bg7 6. Re1 d5 7. d3 Rb8 8.
Nc3 e6 9. Na4 Qa5 10. c4 Rb4 11. Nc3 dxc4 12. dxc4 Rxc4 13. e5 Ne7 14. Ne4 O-O
15. b3 Rd4 16. Nxd4 cxd4 17. Bg5 Nf5 18. g4 h6 19. Nf6+ Kh8 20. Bd2 Qd5 21.
gxf5 gxf5 22. Qh5 1-0

[Event "IV Open Internacional Ciutat de Palma. "]
[Site "Palma"]
[Date "2009.11.21"]
[Round "1.63"]
[White "Genute, Giedre"]
[Black "Gomez Jurado, Luis Alberto"]
[Result "0-1"]
[WhiteElo "1631"]
[BlackElo "2283"]
[PlyCount "40"]
[EventDate "2009.11.21"]

1. d4 Nf6 2. c4 c5 3. d5 b5 4. b3 bxc4 5. bxc4 g6 6. Bb2 Bg7 7. e3 O-O 8. Be2
e6 9. Nc3 Qa5 10. Bf3 Ne4 11. Bxe4 Bxc3+ 12. Bxc3 Qxc3+ 13. Kf1 Qxc4+ 14. Qd3
Qxd3+ 15. Bxd3 exd5 16. Ke2 Nc6 17. Nf3 d6 18. Rab1 Nb4 19. a3 Nxd3 20. Kxd3
Bf5+ 0-1

[Event "IV Open Internacional Ciutat de Palma. "]
[Site "Palma"]
[Date "2009.11.21"]
[Round "1.28"]
[White "Tratar, Marko"]
[Black "Munar Mut, Antonio"]
[Result "1-0"]
[WhiteElo "2480"]
[BlackElo "2032"]
[PlyCount "37"]
[EventDate "2009.11.21"]

1. d4 d5 2. c4 Nc6 3. Nc3 dxc4 4. Nf3 Bg4 5. d5 Bxf3 6. exf3 Nb8 7. Bxc4 Nf6 8.
Qb3 Qc8 9. Bf4 Nh5 10. Be3 g6 11. O-O Bg7 12. d6 e6 13. Nb5 Na6 14. Rfd1 O-O
15. d7 Qd8 16. Nxa7 Qh4 17. g3 Qf6 18. Qxb7 Rfb8 19. Qxa6 1-0

[Event "IV Open Internacional Ciutat de Palma. "]
[Site "Palma"]
[Date "2009.11.21"]
[Round "1.32"]
[White "Henrichs, Thomas"]
[Black "Zanetti, Bruno"]
[Result "1-0"]
[WhiteElo "2471"]
[BlackElo "1988"]
[PlyCount "35"]
[EventDate "2009.11.21"]

1. d4 d5 2. c4 c6 3. Nf3 e6 4. Qc2 f5 5. Bf4 Nf6 6. e3 Be7 7. Nc3 O-O 8. Bd3
Ne4 9. g4 g5 10. Bxb8 Rxb8 11. h4 gxh4 12. gxf5 Rxf5 13. Bxe4 dxe4 14. Qxe4 Qf8
15. Nxh4 Rf7 16. O-O-O Bxh4 17. Qxh4 Bd7 18. Ne4 1-0

[Event "IV Open Internacional Ciutat de Palma. "]
[Site "Palma"]
[Date "2009.11.21"]
[Round "1.65"]
[White "Castell Cantero, Jose Juan"]
[Black "Gonzalez Arribas, Vidal A"]
[Result "0-1"]
[WhiteElo "1563"]
[BlackElo "2274"]
[PlyCount "30"]
[EventDate "2009.11.21"]

1. e4 c5 2. Nf3 Nc6 3. d4 cxd4 4. Nxd4 g6 5. c4 Bg7 6. Be3 Nf6 7. f3 O-O 8. Be2
Qb6 9. Nc2 Qxb2 10. Nd2 Nb4 11. Nd4 Qc3 12. Bf2 Nxe4 13. fxe4 Bxd4 14. Bxd4
Nc2+ 15. Kf1 Qxd4 0-1

[Event "IV Open Internacional Ciutat de Palma. "]
[Site "Palma"]
[Date "2009.11.22"]
[Round "1"]
[White "Serrano Salvador, Eduardo"]
[Black "Stoeckmann, helmut"]
[Result "1/2-1/2"]
[WhiteElo "2319"]
[BlackElo "2135"]
[PlyCount "111"]
[EventDate "2009.11.21"]

1. d4 Nf6 2. Nf3 e6 3. c4 Bb4+ 4. Nbd2 d5 5. Qa4+ Nc6 6. a3 Bxd2+ 7. Bxd2 Ne4
8. Bf4 O-O 9. e3 Ne7 10. Bd3 c5 11. O-O Ng6 12. Bg3 cxd4 13. Bxe4 dxe4 14. Nxd4
e5 15. Nb5 f5 16. Rad1 Qe7 17. f4 exf3 18. Rxf3 f4 19. exf4 Bg4 20. Rfd3 Bxd1
21. Qxd1 exf4 22. Bf2 Ne5 23. Rd5 Rad8 24. Nd6 f3 25. Nxb7 Rb8 26. Qe1 Qxb7 27.
Rxe5 Qxb2 28. gxf3 Rxf3 29. Bxa7 Rbf8 30. Re8 Qxa3 31. Rxf8+ Rxf8 32. Bf2 Qf3
33. c5 Qg4+ 34. Bg3 h5 35. h4 g5 36. Kh2 gxh4 37. Bxh4 Ra8 38. Bf2 Qf4+ 39. Kg2
Kf7 40. Qe3 Rg8+ 41. Kh1 Qxe3 42. Bxe3 Ke6 43. Bf4 Rg4 44. Bd6 Rc4 45. Kg2 Kf5
46. Kh2 Kg4 47. Kg2 Rc2+ 48. Kg1 Kf3 49. Kh1 Rc4 50. Kh2 Rc1 51. Be7 h4 52. Bd6
Rd1 53. Be7 Kg4 54. Bd6 Rc1 55. Kg2 Rc2+ 56. Kg1 1/2-1/2

[Event "IV Open Internacional Ciutat de Palma. "]
[Site "Palma"]
[Date "2009.11.22"]
[Round "1"]
[White "Breier, Andreas"]
[Black "Hadzimanolis, Antonios"]
[Result "*"]
[WhiteElo "2405"]
[BlackElo "2346"]
[PlyCount "114"]
[EventDate "2009.11.21"]

1. d4 d5 2. c4 e6 3. Nc3 Nf6 4. cxd5 exd5 5. Bg5 Be7 6. e3 O-O 7. Bd3 c6 8. Qc2
Nbd7 9. Nf3 Re8 10. O-O Nf8 11. h3 Ng6 12. Rad1 a5 13. a3 Ne4 14. Bxe7 Qxe7 15.
Bxe4 dxe4 16. Nd2 f5 17. Rde1 Be6 18. f3 exf3 19. Nxf3 Rad8 20. e4 f4 21. Rd1
Bf7 22. Qf2 b5 23. e5 b4 24. axb4 axb4 25. Ne4 Bd5 26. Nd6 Rf8 27. Rc1 Ra8 28.
Qd2 Nh4 29. Nxh4 Qxh4 30. Qf2 Qg5 31. Kh2 f3 32. g3 Ra2 33. Rc2 Be6 34. Re1
Bxh3 35. Qe3 Qxe3 36. Rxe3 Be6 37. Rf2 g5 38. g4 Rf4 39. Ne4 h6 40. Nf6+ Kf7
41. Kg3 Rxd4 42. Rexf3 Ke7 43. Re3 c5 44. Rh2 c4 45. Rxh6 Rxb2 46. Rh7+ Kf8 47.
Ne4 Rb3 48. Rxb3 cxb3 49. Nc5 Rxg4+ 50. Kf3 Rf4+ 51. Ke3 Bg8 52. Rb7 b2 53.
Nd7+ Ke8 54. Nf6+ Kd8 55. Rd7+ Kc8 56. Rd1 Ba2 57. e6 Rxf6 *

[Event "IV Open Internacional Ciutat d"]
[Site "Palma"]
[Date "2009.11.22"]
[Round "2.29"]
[White "Brynell, Stellan"]
[Black "Galiana Salom, Juan Ramon"]
[Result "1-0"]
[WhiteElo "2472"]
[BlackElo "2221"]
[PlyCount "127"]
[EventDate "2009.11.21"]

1. d4 Nf6 2. Nf3 c5 3. d5 b5 4. c4 Bb7 5. Qc2 d6 6. e4 bxc4 7. Bxc4 Nbd7 8. Nc3
g6 9. O-O Bg7 10. Re1 O-O 11. h3 Nb6 12. Bf1 Nfd7 13. Bg5 Re8 14. a4 a5 15. Bb5
Qc8 16. Rad1 Ba6 17. Bc6 Bb7 18. Bb5 Ba6 19. Bxa6 Qxa6 20. Nb5 Rac8 21. Bd2 c4
22. Bc3 Nc5 23. Bxg7 Kxg7 24. Nc3 Nd3 25. Re3 Nd7 26. Nd4 N7e5 27. Ndb5 Qb6 28.
Qd2 Qc5 29. Rf1 Nb4 30. Kh1 Ned3 31. Ne2 Kg8 32. Ng3 e6 33. dxe6 Rxe6 34. Re2
d5 35. exd5 Rxe2 36. Qxe2 Nxd5 37. Kh2 N5f4 38. Qg4 Re8 39. f3 Ne2 40. Nxe2
Rxe2 41. f4 Rxb2 42. Qd7 Rf2 43. Nd6 Qxd6 44. Qxd6 Rxf1 45. Qd8+ Kg7 46. Qd4+
Kg8 47. Qxc4 Rxf4 48. Qxd3 Rxa4 49. Qb5 Ra2 50. Qb3 Re2 51. Qd5 h5 52. Qxa5 Re6
53. Qd5 Kg7 54. Kg3 Re8 55. Kf4 Re6 56. Qd4+ Kh7 57. Kg5 Ra6 58. Qc3 Re6 59.
Qc8 Kg7 60. Qb8 Re4 61. Qb2+ Kh7 62. Qf6 Kg8 63. Kh6 Kf8 64. Qd6+ 1-0

[Event "IV Open Internacional Ciutat d"]
[Site "Palma"]
[Date "2009.11.22"]
[Round "2.21"]
[White "Bykhovsky, Anatoly"]
[Black "Genutis, Mindaugas"]
[Result "1-0"]
[WhiteElo "2488"]
[BlackElo "2295"]
[PlyCount "73"]
[EventDate "2009.11.21"]

1. d4 d5 2. c4 c6 3. Nf3 Nf6 4. Nc3 dxc4 5. a4 Bf5 6. e3 e6 7. Bxc4 Bb4 8. O-O
Nbd7 9. Nh4 Bg4 10. f3 Bh5 11. g4 Bg6 12. e4 O-O 13. Ng2 h6 14. h4 c5 15. Na2
Qa5 16. g5 hxg5 17. hxg5 Nb6 18. Bb3 Nh7 19. Nxb4 cxb4 20. Nh4 Bh5 21. g6 Nf6
22. Qe1 Rfd8 23. Be3 Rac8 24. Qe2 a6 25. Rf2 Rc7 26. gxf7+ Bxf7 27. Rg2 Qh5 28.
Bg5 Kf8 29. e5 Rxd4 30. exf6 gxf6 31. Qf2 e5 32. Nf5 Bxb3 33. Bh6+ Ke8 34. Nxd4
exd4 35. Qxd4 Qxh6 36. Re1+ Kf7 37. Qd8 1-0

[Event "IV Open Internacional Ciutat d"]
[Site "Palma"]
[Date "2009.11.22"]
[Round "2.24"]
[White "Gaya Llodra, Juan"]
[Black "Lajthajm, Borko"]
[Result "1-0"]
[WhiteElo "2259"]
[BlackElo "2481"]
[PlyCount "103"]
[EventDate "2009.11.21"]

1. d4 Nf6 2. g3 c5 3. d5 e6 4. Nc3 d6 5. Bg2 Be7 6. Nf3 O-O 7. O-O Na6 8. dxe6
fxe6 9. e4 e5 10. h3 Nb4 11. Nh4 Kh8 12. Nf5 Nc6 13. Bg5 Nxe4 14. Nxe4 Bxf5 15.
Bxe7 Qxe7 16. Qxd6 Qf7 17. c3 Rac8 18. Qd2 Rcd8 19. Qe3 b6 20. Rad1 Bxe4 21.
Bxe4 Ne7 22. b3 Qh5 23. Rxd8 Rxd8 24. Kg2 Qf7 25. Re1 c4 26. b4 Ng8 27. Qg5 Rf8
28. Re2 Re8 29. Bc6 Rc8 30. b5 a6 31. a4 axb5 32. axb5 Nf6 33. Qxe5 Qg6 34. Qe6
Rd8 35. Qxc4 h5 36. Be4 Qg5 37. Bc6 Qc1 38. Qf4 Qxc3 39. Qc7 Qd4 40. Qe7 h4 41.
Qe5 Qd1 42. g4 Rf8 43. Qe7 Nh7 44. Bf3 Qd3 45. Re3 Qxb5 46. Be4 Qb2 47. Qxh4 g6
48. Bxg6 Qg7 49. Qxh7+ Qxh7 50. Bxh7 Kxh7 51. Re7+ Kg6 52. Re6+ 1-0

[Event "IV Open Internacional Ciutat d"]
[Site "Palma"]
[Date "2009.11.22"]
[Round "2.39"]
[White "Meijers, Viesturs"]
[Black "Milian Calatayud, Jose Luis"]
[Result "1-0"]
[WhiteElo "2488"]
[BlackElo "1728"]
[PlyCount "47"]
[EventDate "2009.11.21"]

1. d4 d5 2. Nf3 e6 3. e3 Nf6 4. Bd3 c5 5. c3 cxd4 6. exd4 b6 7. O-O Ba6 8. Bxa6
Nxa6 9. Qa4+ Qd7 10. Qxa6 h6 11. Ne5 Qc8 12. Qa4+ Nd7 13. Be3 Bd6 14. Nxd7 Qxd7
15. Qxd7+ Kxd7 16. Nd2 f5 17. f4 g5 18. fxg5 hxg5 19. Bxg5 Bxh2+ 20. Kf2 Rag8
21. Nf3 Bd6 22. Rh1 Be7 23. Rxh8 Rxh8 24. Ne5+ 1-0